Guess That Minecraft Youtuber - Statistics

General Stats
  • This quiz has been taken 528 times
  • The average score is 7 of 27
Answer Stats
Hints MC Youtubers % Correct
Famous for his Manhunt Series Dream
91%
Known for winning 4 Minecraft Mondays Technoblade
76%
Known for screaming very loudly in Dream's Manhunt series GeorgeNotFound
65%
A diamond with a silly face and owns a servers called InvadedLands Skeppy
52%
Has a factions called Business Bay with TimeDeo in SMP Earth and he planned to trap Technoblade with entity cramming TommyInnit
46%
Owns a server called Munchymc BadBoyHalo
42%
Known for making The Challenge Games with his ex wife PopularMMOS
38%
5 years hardcore lost to a baby zombie Ph1LzA
33%
Butter SkyDoesMinecraft
31%
Has over 700 episodes of Minecraft Hunger Games BajanCanadian
21%
Known for Minecraft UHC, But... TapL
21%
The Host/Organizer of Minecraft Championships Dangthatsalongname
20%
Known for his insane trapping in Hypixel UHC and other games on Hypixel fruitberries
18%
Has a derpy face when his glasses are off SSundee
18%
Currently ranked #1 on the Pre 1.9 RSG Illumina
16%
A furry that plays Minecraft, and frequently streams on the Dream SMP ItsFundy
14%
Started an LP Series since 2010 with over 500 episodes and is part of HermitCraft Ethoslab
13%
Known for his insane redstone, and for creating an amazing game called Missle Wars SethBling
7%
Makes a lot of Modded UHC with many different types of scenarios xNestorio
7%
The creator of the Cube SMP Server Graser10
6%
Known for making bedwars videos and currently ranked on the leaderboards in Hypixel Bedwars gamerboy80
5%
A Canadian MC Youtuber that is part of Team Canada with Pause and Etho VintageBeef
5%
Known for training Dream and Technoblade for their duel in 1.8 PVP Cxlvxn
4%
The creator of the Mindcrack SMP server Guude
3%
Has a present face, and known for trapping on Hypixel UHC and Skywars defib
2%
Has over 400 episodes of Hypixel Skywars, and being part of Machinima AciDicBliTzz
1%
Known for his insane pvp skills in MCSG and UHC and is part of the Cube SMP Huahwi
1%
No matching quizzes found
Score Distribution
Percent of People with Each Score
Percentile by Number Answered
Your Score History
You have not taken this quiz